Zwierzę w kolorze biało-czarnym lub czarno-białym - Statystyki

Ogólne statystyki
  • Ten quiz został rozwiązany 14 razy
  • Średni wynik to 4 z 6
Statystyki odpowiedzi
Hint Odpowiedź % Poprawnych
1. Zebra
92%
3. Panda
85%
2. Krowa
62%
6. Skunks
46%
4. Sroka
46%
5. Pingwin
38%
Nie znaleziono quizów pasujących do podanych kryteriów
Rozkład punktacji
Procent ludzi z każdym wynikiem
Percentyl według liczby udzielonych odpowiedzi
Twoja historia wyników
Nie rozwiązałeś tego quizu